[Event "6th Heraklion Capablanca 2019"]
[Site "Heraklion"]
[Date "2019.05.06"]
[Round "8.3"]
[White "Yoo, Christopher Woojin"]
[Black "Vaishali R"]
[Result "1-0"]
[WhiteElo "2414"]
[BlackElo "2353"]
[Annotator "TA"]
[PlyCount "109"]
[EventDate "2019.04.29"]
[EventType "tourn"]
[EventCountry "GRE"]
[SourceTitle "playchess.com"]
[Source "ChessBase"]
[SourceQuality "1"]

{[%evp 20,109,28,18,22,-20,-33,-20,-15,-22,22,0,0,0,8,8,5,-8,0,0,0,-23,7,4,0,0,0,0,16,10,54,54,56,63,68,45,72,58,102,84,100,0,73,0,82,74,69,31,55,49,135,120,126,118,172,87,82,96,177,96,329,232,243,254,267,194,261,285,272,314,272,277,255,214,205,174,521,515,441,440,452,638,640,536,890,888,1471,1420,1416,1331,1023,1018]} 1. e4 c5 2. Nf3 Nc6 3. d4 cxd4 4. Nxd4 Nf6 5. Nc3 d6 6. Bg5 e6 7. Qd2 a6 8. O-O-O Be7 9. f3 Nxd4 10. Qxd4 O-O 11. h4 b5 {B63: Sicilian: Richter-Rauzer: 7...Be7 and unusual Black 7th moves} 12. e5 (12. Kb1 Bb7 13. Qd2 Rc8 14. Ne2 Re8 15. Nd4 Nd7 16. Bd3 d5 17. Rhe1 dxe4 18. Bxe4 Bxe4 19. Rxe4 Nf6 20. Ree1 Qc7 {0-1 (47) Grischuk,A (2752)-Wang,H (2736) Beijing 2011}) 12... dxe5 13. Qxe5 Qb6 {The position is equal.} 14. Bd3 Qb8 $146 ({Predecessor:} 14... Bb7 15. h5 h6 16. Be3 Qc6 17. Rh3 Nd7 18. Qg3 Kh8 19. Bd4 {½-½ (48) Ganguly,S (2559)-Bakre,T (2491) Visakhapatnam 2004}) 15. Qe1 Bb7 16. Ne4 Qc7 17. Nxf6+ Bxf6 18. Kb1 Be5 19. Be4 {aiming for Bxb7.} Rac8 20. Bc1 {And now Bxb7 would win.} Bxe4 (20... Bg3 {keeps more tension.} 21. Qe3 Bxe4 22. Qxe4 h5 23. Rh3 b4) 21. Qxe4 a5 22. f4 Bf6 23. g4 Qc4 (23... g6 {is interesting.} 24. h5 Rfd8 25. hxg6 hxg6 26. Rxd8+ Rxd8 27. Qg2 Qc5) 24. Qxc4 bxc4 25. g5 $36 {[%mdl 2048] White is pushing.} Be7 26. Rd7 Bc5 27. h5 a4 28. Rhd1 Rc6 29. Rb7 Bd6 30. Rd7 Bc5 31. Rb7 Bd6 $1 32. Ra7 a3 33. bxa3 Rb8+ 34. Ka1 Bc7 (34... h6 $14) 35. Be3 $16 e5 36. f5 g6 (36... e4 $16) 37. fxg6 ({White should try} 37. Rd7 $18 Bb6 38. Rab7 Rxb7 39. Rxb7) 37... hxg6 38. h6 Rd6 (38... Bb6 $16 {was necessary.} 39. Bxb6 Rcxb6) 39. Rh1 ({Better is} 39. Rf1 $18 Rd7 40. a4) 39... Rd7 $2 (39... Bb6 $16 {is a better defense.} 40. Bxb6 Rdxb6) 40. h7+ Kh8 41. a4 {[%cal Ba3a4,Ba4a5][%mdl 32]} Rbd8 42. a3 {[%cal Ba2a3,Ba3a4,Ba4a5][%mdl 32]} e4 {[#]} (42... Bb8 $142 43. Rxd7 Rxd7) 43. Ka2 $1 $18 Be5 {With the idea ...Rd1.} 44. Rxd7 Rxd7 {[%mdl 4096] Endgame [#] KRB-KRB} 45. a5 $1 Rd6 46. a4 Bc3 47. Bb6 {Strongly threatening Rb1.} e3 $2 (47... Re6 {is more resistant.} 48. Rh3 Be5) 48. Bxe3 {White is clearly winning.} Bxa5 49. Rh4 Bc3 50. Rxc4 Be5 51. a5 Rd1 {If Black can now play ...Ra1+ this consolidates a bit.} 52. Ra4 Ra1+ 53. Kb3 Re1 54. Bc5 Rb1+ 55. Kc4 {Accuracy: White = 57%, Black = 31%.} 1-0

[Event "6th Heraklion Capablanca 2019"]
[Site "Heraklion"]
[Date "2019.05.06"]
[Round "8.4"]
[White "Zarubitski, Viachaslau"]
[Black "Kelires, Andreas"]
[Result "0-1"]
[WhiteElo "2416"]
[BlackElo "2508"]
[Annotator "TA RC"]
[PlyCount "66"]
[EventDate "2019.04.29"]
[EventType "tourn"]
[EventCountry "GRE"]
[SourceTitle "playchess.com"]
[Source "ChessBase"]
[SourceQuality "1"]

{[%evp 15,80,0,7,-2,44,24,23,6,18,14,47,0,0,-15,8,-76,-4,-82,-90,-88,-79,-86,-79,-90,-93,-100,-113,-132,-130,-135,-75,-145,-112,-108,-111,-116,-87,-105,-43,-103,-118,-119,-86,-170,-166,-154,-122,-185,-180,-218,-177,-795,-795,-789,-787,-782,-776,-746,-744,-1112,-1693,-1551,-139,-1503,-1474,-5310,-5293]} 1. e4 c5 2. Nf3 d6 3. d4 cxd4 4. Nxd4 Nf6 5. Nc3 a6 6. Be3 e5 7. Nb3 Be6 8. Qd2 Nbd7 9. O-O-O {B90: Sicilian Najdorf: Unusual White 6th moves, 6 Be3 Ng4 and 6 Be3 e5} Rc8 10. f4 b5 (10... h5 11. Kb1 Be7 12. Bd3 b5 13. h3 h4 14. Rhf1 Qc7 15. a3 Nb6 16. Bxb6 Qxb6 17. Rde1 {0-1 (52) Svidler,P (2756)-Indjic,A (2604) Porto Carras 2018}) 11. Kb1 $146 {White has an edge.} ({Predecessor:} 11. f5 Bc4 12. Kb1 Qc7 13. h3 {0-1 (45) Mihok,O (2438)-Karner,C (2345) Oberwart 2010}) 11... Be7 12. h3 Qc7 13. f5 Bc4 14. g4 h6 (14... b4 $5 15. Nd5 $8 Nxd5 16. exd5 Bxf1 17. Rdxf1 a5 $11) 15. Qg2 (15. a3 $11) 15... b4 (15... Bxf1 $1 $17 16. Rhxf1 b4) 16. Nd5 (16. Bxc4 $11 Qxc4 17. Nd5) 16... Nxd5 $17 17. exd5 Bxf1 $1 18. Rhxf1 a5 19. Nc1 Bg5 20. Rfe1 Nf6 21. Rd2 Qc4 22. Rd3 Kd7 (22... a4 $142 23. Bxg5 hxg5) 23. Nb3 (23. a4 $142) 23... Qc7 24. Bxg5 hxg5 25. Rc1 Qb6 26. Nd2 Rc5 (26... a4 $17 27. Ne4 Nxe4 28. Qxe4 Ke7) 27. Ne4 (27. Qf2 $1 $15) 27... Nxe4 28. Qxe4 Rhc8 29. f6 (29. Qe3 $17 f6 30. a4) 29... g6 $1 $19 ({Stronger than} 29... gxf6 30. Qf5+ Ke8 31. Qxf6 $11) 30. Qe3 Qb5 31. Rd2 (31. b3 $17) 31... a4 $1 {[%cal Ba5a4,Ba4a3][%mdl 32]} ({Much less strong is} 31... Rxd5 32. Qxg5 Rc4 33. Rxd5 $17) 32. Rcd1 Qc4 33. Qxg5 $2 (33. Re1) 33... Qe4 {Played: b4-b3} 0-1

[Event "6th Heraklion Capablanca 2019"]
[Site "Heraklion"]
[Date "2019.05.06"]
[Round "8.4"]
[White "Zarubitski, Viachaslau"]
[Black "Kelires, Andreas"]
[Result "*"]
[WhiteElo "2416"]
[BlackElo "2508"]
[Annotator "TA"]
[PlyCount "32"]
[EventDate "2019.04.29"]
[EventType "tourn"]
[EventCountry "GRE"]
[SourceTitle "playchess.com"]
[Source "ChessBase"]
[SourceQuality "1"]

{[%evp 15,23,6,9,5,31,29,41,0,30,31]} 1. e4 c5 2. Nf3 d6 3. d4 cxd4 4. Nxd4 Nf6 5. Nc3 a6 6. Be3 e5 7. Nb3 Be6 8. Qd2 Nbd7 9. O-O-O {B90: Sicilian Najdorf: Unusual White 6th moves, 6 Be3 Ng4 and 6 Be3 e5} Rc8 10. f4 b5 11. Kb1 Be7 12. h3 {Predecessor:} h5 $146 13. Bd3 h4 14. Rhe1 Qc7 15. Qf2 Qb7 16. f5 Bc4 {0-1 (44) Cheparinov,I (2702)-Nepomniachtchi,I (2708) Loo 2013} *

[Event "6th Heraklion Capablanca 2019"]
[Site "Heraklion"]
[Date "2019.05.06"]
[Round "8.5"]
[White "Harff, Marcel"]
[Black "Antic, Dejan"]
[Result "1/2-1/2"]
[WhiteElo "2412"]
[BlackElo "2471"]
[Annotator "TA"]
[PlyCount "75"]
[EventDate "2019.04.29"]
[EventType "tourn"]
[EventCountry "GRE"]
[SourceTitle "playchess.com"]
[Source "ChessBase"]
[SourceQuality "1"]

{[%evp 17,75,0,1,0,2,-19,0,-50,-16,-30,35,0,52,0,0,0,0,0,6,-14,-7,-22,14,9,50,42,102,91,89,72,56,46,48,0,29,38,227,208,176,102,88,52,49,45,58,41,56,22,43,0,0,0,0,0,0,0,0,0,0,0]} 1. c4 Nf6 2. Nf3 g6 3. g3 b6 4. Bg2 Bb7 5. d3 Bg7 6. O-O O-O 7. e4 c5 8. Nc3 Nc6 9. h3 Ne8 10. Be3 {A30: Symmetrical English: Double Fianchetto and Hedgehog} Nd4 11. a4 $146 ({Predecessor:} 11. Qd2 Nc7 12. Nh4 e5 13. f4 exf4 14. Bxf4 d6 15. Rf2 Nce6 16. Be3 Be5 17. Nf3 Bxg3 18. Rff1 Nxf3+ 19. Rxf3 Be5 20. Nd5 Nd4 21. Rf2 Bxd5 22. cxd5 Qh4 23. Raf1 f5 24. Bf4 {0-1 (24) Quintiliano Pinto,R (2441)-Delgado Ramirez,N (2623) Florianopolis 2019}) 11... Nc7 12. Nh4 a6 13. Rb1 Nce6 (13... b5 $11) 14. Nd5 Bc6 (14... b5 $11) 15. b4 (15. f4 $14) 15... cxb4 $11 16. Rxb4 a5 17. Rb1 Nc5 18. Nxb6 {[#] And now e5 would win.} Rb8 19. Nf3 e5 20. Nd5 $1 Bxa4 21. Qd2 $36 {[%mdl 2048] White fights for an advantage.} Bb3 (21... Ndb3 $14 22. Qa2 d6) 22. Nxd4 $16 exd4 23. Bf4 d6 24. Bf3 a4 25. Bd1 Qd7 26. Bg4 f5 $2 ({Black should play} 26... Qd8 $14) 27. exf5 $18 gxf5 28. Bd1 (28. Bh5 $18) 28... Bxd1 $16 29. Rfxd1 Rb3 $1 30. Rxb3 axb3 31. Re1 {Black must now prevent Re7.} Rb8 32. Bh6 Re8 {[#] ...Rxe1+ is the strong threat.} 33. Rxe8+ Qxe8 {The position is equal.} 34. Bxg7 Kxg7 35. Qg5+ Qg6 36. Qe7+ Qf7 {Threatens to win with ...Qxe7.} 37. Qg5+ Qg6 38. Qe7+ {Accuracy: White = 33%, Black = 35%.} 1/2-1/2

[Event "6th Heraklion Capablanca 2019"]
[Site "Heraklion"]
[Date "2019.05.07"]
[Round "9.1"]
[White "Antic, Dejan"]
[Black "Karousos-Theodorakis, Nikolaos"]
[Result "0-1"]
[WhiteElo "2471"]
[BlackElo "2280"]
[Annotator "ChessBase"]
[PlyCount "86"]
[EventDate "2019.04.29"]
[EventType "tourn"]
[EventCountry "GRE"]
[SourceTitle "playchess.com"]
[Source "ChessBase"]
[SourceQuality "1"]
[TimeControl "40/5400+30:1800+30"]

1. d4 {[%emt 0:00:00]} Nf6 {[%emt 0:00:00]} 2. c4 {[%emt 0:00:00]} e6 {[%emt 0:00:00]} 3. Nf3 {[%emt 0:00:00]} Bb4+ {[%emt 0:00:00]} 4. Bd2 {[%emt 0:00:26]} a5 {[%emt 0:00:00]} 5. Nc3 {[%emt 0:01:44]} d6 {[%emt 0:00:35]} 6. Qc2 {[%emt 0:01:03]} Nbd7 {[%emt 0:04:35]} 7. a3 {[%emt 0:05:58]} Bxc3 {[%emt 0:00:13]} 8. Bxc3 {[%emt 0:00:08]} Qe7 {[%emt 0:01:28]} 9. e4 {[%emt 0:05:57]} e5 {[%emt 0:01:40]} 10. Bd3 {[%emt 0:00:55]} O-O {[%emt 0:11:25]} 11. O-O {[%emt 0:01:40]} a4 {[%emt 0:03:39]} 12. Rfe1 {[%emt 0:02:02]} Re8 {[%emt 0:07:36]} 13. Nh4 {[%emt 0:04:08]} Nh5 {[%emt 0:04:14]} 14. Nf5 {[%emt 0:01:34]} Qf6 {[%emt 0:02:48]} 15. g3 {[%emt 0:02:39]} Nf8 {[%emt 0:10:08]} 16. Ne3 {[%emt 0:02:25]} Bh3 {[%emt 0:05:28]} 17. dxe5 {[%emt 0:03:32]} dxe5 {[%emt 0:00:37]} 18. f4 {[%emt 0:01:21]} Qg6 {[%emt 0:11:26]} 19. Bxe5 {[%emt 0:05:28]} Nxg3 {[%emt 0:02:57]} 20. hxg3 {[%emt 0:03:43]} Qxg3+ {[%emt 0:01:02]} 21. Ng2 {[%emt 0:02:29]} f6 {[%emt 0:09:55]} 22. Re3 {[%emt 0:02:29]} Qg4 {[%emt 0:03:20]} 23. Bxc7 {[%emt 0:06:12]} Ne6 {[%emt 0:01:55]} 24. Bd6 {[%emt 0:01:36]} Nd4 {[%emt 0:00:47]} 25. Qf2 {[%emt 0:00:55]} Nf5 {[%emt 0:01:07]} 26. Bc5 {[%emt 0:04:39]} Nxe3 {[%emt 0:00:08]} 27. Bxe3 {[%emt 0:00:07]} Rad8 {[%emt 0:00:30]} 28. Bc2 {[%emt 0:02:08]} f5 {[%emt 0:01:46]} 29. Kh2 {[%emt 0:03:38]} Rd6 {[%emt 0:06:58]} 30. Nh4 {[%emt 0:06:16]} Rh6 {[%emt 0:03:50]} 31. Nxf5 {[%emt 0:01:42]} Ree6 {[%emt 0:01:14]} 32. Ng3 {[%emt 0:04:22]} Reg6 {[%emt 0:02:53]} 33. f5 {[%emt 0:01:16]} Bf1+ {[%emt 0:00:57]} 34. Kg1 {[%emt 0:01:05]} Qxg3+ {[%emt 0:01:05]} 35. Kxf1 {[%emt 0:03:55]} Qh3+ {[%emt 0:00:35]} 36. Ke1 {[%emt 0:03:46]} Rg2 {[%emt 0:00:10]} 37. Bxh6 {[%emt 0:01:51]} Rxf2 {[%emt 0:00:08]} 38. Kxf2 {[%emt 0:00:04]} Qxh6 {[%emt 0:00:48]} 39. Ke2 {[%emt 0:00:58]} Qh2+ {[%emt 0:00:38]} 40. Kd3 {[%emt 0:00:00]} Qg3+ {[%emt 0:00:00]} 41. Ke2 {[%emt 0:01:31]} Qe5 {[%emt 0:03:09]} 42. Rb1 {[%emt 0:02:47]} h5 {[%emt 0:00:22]} 43. Kd3 {[%emt 0:00:58]} h4 {[%emt 0:01:32] Kd4 [%emt 00:00:42]} 0-1

[Event "6th Heraklion Capablanca 2019"]
[Site "Heraklion"]
[Date "2019.05.07"]
[Round "9.2"]
[White "Kelires, Andreas"]
[Black "Harff, Marcel"]
[Result "1-0"]
[WhiteElo "2508"]
[BlackElo "2412"]
[Annotator "ChessBase"]
[PlyCount "131"]
[EventDate "2019.04.29"]
[EventType "tourn"]
[EventCountry "GRE"]
[SourceTitle "playchess.com"]
[Source "ChessBase"]
[SourceQuality "1"]
[TimeControl "40/5400+30:1800+30"]

1. d4 {[%emt 0:00:00]} Nf6 {[%emt 0:00:00]} 2. c4 {[%emt 0:00:00]} e6 {[%emt 0:00:00]} 3. g3 {[%emt 0:00:00]} d5 {[%emt 0:00:00]} 4. Bg2 {[%emt 0:00:00]} dxc4 {[%emt 0:01:17]} 5. Nf3 {[%emt 0:00:00]} Nbd7 {[%emt 0:01:53]} 6. O-O {[%emt 0:00:30]} Rb8 {[%emt 0:00:14]} 7. a4 {[%emt 0:00:07]} a6 {[%emt 0:00:05]} 8. a5 {[%emt 0:01:29]} b5 {[%emt 0:08:50]} 9. axb6 {[%emt 0:00:18]} Rxb6 {[%emt 0:00:07]} 10. Nbd2 {[%emt 0:07:45]} Rb4 {[%emt 0:03:49]} 11. Ra4 {[%emt 0:01:28]} Bb7 {[%emt 0:00:00]} 12. Rxb4 {[%emt 0:08:07]} Bxb4 {[%emt 0:00:00]} 13. Nxc4 {[%emt 0:00:02]} Be7 {[%emt 0:01:38]} 14. Na5 {[%emt 0:15:03]} Be4 {[%emt 0:01:08]} 15. Ne5 {[%emt 0:06:54]} Bxg2 {[%emt 0:00:53]} 16. Kxg2 {[%emt 0:00:06]} Qa8+ {[%emt 0:00:21]} 17. f3 {[%emt 0:07:25]} c5 {[%emt 0:11:03]} 18. Nxd7 {[%emt 0:15:25]} Nxd7 {[%emt 0:00:15]} 19. dxc5 {[%emt 0:00:48]} Nxc5 {[%emt 0:00:37]} 20. b4 {[%emt 0:00:06]} Nd7 {[%emt 0:00:31]} 21. Qa4 {[%emt 0:00:59]} Qb8 {[%emt 0:03:14]} 22. Rd1 {[%emt 0:11:16]} Qb5 {[%emt 0:00:53]} 23. Qxb5 {[%emt 0:00:21]} axb5 {[%emt 0:00:02]} 24. Nc6 {[%emt 0:00:05]} Nb6 {[%emt 0:02:55]} 25. Be3 {[%emt 0:08:09]} Nc4 {[%emt 0:00:25]} 26. Bc5 {[%emt 0:00:54]} Bf6 {[%emt 0:01:23]} 27. e4 {[%emt 0:02:29]} g5 {[%emt 0:00:33]} 28. Kf2 {[%emt 0:03:39]} h5 {[%emt 0:01:24]} 29. Na7 {[%emt 0:03:06]} h4 {[%emt 0:01:14]} 30. Nxb5 {[%emt 0:01:38]} hxg3+ {[%emt 0:00:06]} 31. hxg3 {[%emt 0:00:03]} Be5 {[%emt 0:00:07]} 32. Kg2 {[%emt 0:00:16]} f6 {[%emt 0:00:15]} 33. Rc1 {[%emt 0:00:45]} Nb2 {[%emt 0:00:28]} 34. Bd6 {[%emt 0:01:48]} Kf7 {[%emt 0:00:12]} 35. Rc7+ {[%emt 0:01:18]} Kg6 {[%emt 0:00:08]} 36. Bxe5 {[%emt 0:00:25]} fxe5 {[%emt 0:00:03]} 37. Nd6 {[%emt 0:00:58]} Nd3 {[%emt 0:00:24]} 38. b5 {[%emt 0:00:23]} Rb8 {[%emt 0:03:30]} 39. Rc3 {[%emt 0:00:32]} Nb4 {[%emt 0:01:00]} 40. Rc4 {[%emt 0:00:00]} Nd3 {[%emt 0:00:00]} 41. Rc8 {[%emt 0:05:47]} Rb6 {[%emt 0:01:47]} 42. Rc6 {[%emt 0:00:04]} Rb8 {[%emt 0:00:06]} 43. Kf1 {[%emt 0:00:20]} Kf6 {[%emt 0:00:07]} 44. Ke2 {[%emt 0:10:08]} Nb4 {[%emt 0:00:25]} 45. Rc4 {[%emt 0:00:16]} Na2 {[%emt 0:00:28]} 46. Rc2 {[%emt 0:02:40]} Nb4 {[%emt 0:01:08]} 47. Rb2 {[%emt 0:01:24]} Nc6 {[%emt 0:00:37]} 48. Ke3 {[%emt 0:00:23]} Na5 {[%emt 0:02:01]} 49. Ra2 {[%emt 0:06:00]} Nb3 {[%emt 0:00:22]} 50. Rb2 {[%emt 0:00:05]} Na5 {[%emt 0:00:09]} 51. Ra2 {[%emt 0:00:15]} Nb3 {[%emt 0:00:06]} 52. Ra7 {[%emt 0:04:47]} Nd4 {[%emt 0:00:51]} 53. Rf7+ {[%emt 0:02:39]} Kg6 {[%emt 0:00:06]} 54. Re7 {[%emt 0:03:09]} Kf6 {[%emt 0:00:42]} 55. Rf7+ {[%emt 0:00:36]} Kg6 {[%emt 0:00:02]} 56. f4 {[%emt 0:00:28]} gxf4+ {[%emt 0:00:07]} 57. gxf4 {[%emt 0:00:01]} Nxb5 {[%emt 0:00:31]} 58. f5+ {[%emt 0:00:06]} exf5 {[%emt 0:00:07]} 59. exf5+ {[%emt 0:00:01]} Kh6 {[%emt 0:00:26]} 60. Rf6+ {[%emt 0:02:12]} Kh7 {[%emt 0:02:13]} 61. Ne4 {[%emt 0:00:12]} Nd4 {[%emt 0:07:23]} 62. Ng5+ {[%emt 0:00:03]} Kg8 {[%emt 0:00:33]} 63. Rg6+ {[%emt 0:00:11]} Kf8 {[%emt 0:00:11]} 64. f6 {[%emt 0:00:36]} Rb6 {[%emt 0:00:32]} 65. Nh7+ {[%emt 0:01:56]} Ke8 {[%emt 0:01:41]} 66. f7+ {[%emt 0:00:13]} 1-0

[Event "6th Heraklion Capablanca 2019"]
[Site "Heraklion"]
[Date "2019.05.07"]
[Round "9.3"]
[White "Vaishali R"]
[Black "Zarubitski, Viachaslau"]
[Result "1/2-1/2"]
[WhiteElo "2353"]
[BlackElo "2416"]
[Annotator "NA"]
[PlyCount "44"]
[EventDate "2019.04.29"]
[EventType "tourn"]
[EventCountry "GRE"]
[SourceTitle "playchess.com"]
[Source "ChessBase"]
[SourceQuality "1"]
[TimeControl "40/5400+30:1800+30"]

1. e4 {[%emt 0:00:00]} c5 {[%emt 0:00:00]} 2. Nf3 {[%emt 0:00:01]} e6 {[%emt 0:00:00]} 3. d4 {[%emt 0:00:04]} cxd4 {[%emt 0:00:00]} 4. Nxd4 {[%emt 0:00:05]} Nc6 {[%emt 0:00:00]} 5. Nc3 {[%emt 0:00:06]} Qc7 {[%emt 0:00:02]} 6. Be2 {[%emt 0:00:07]} a6 {[%emt 0:00:04]} 7. O-O {[%emt 0:00:05]} Nf6 {[%emt 0:00:04]} 8. Be3 {[%emt 0:00:05]} Bb4 {[%emt 0:00:02]} 9. Nxc6 {[%emt 0:00:27]} bxc6 {[%emt 0:00:09]} 10. Qd4 {[%emt 0:00:06]} c5 {[%emt 0:02:25]} 11. Qc4 {[%emt 0:00:17]} O-O {[%emt 0:00:41]} 12. Na4 {[%emt 0:00:38]} d5 {[%emt 0:01:51]} 13. exd5 {[%emt 0:00:16]} exd5 {[%emt 0:00:14]} 14. Qf4 {[%emt 0:01:10]} Qxf4 {[%emt 0:12:26]} 15. Bxf4 {[%emt 0:00:03]} c4 {[%emt 0:00:09]} 16. Nb6 {[%emt 0:09:23]} Ra7 {[%emt 0:01:16]} 17. Bf3 $14 {[%emt 0:11:09]} Be6 {[%emt 0:17:12]} 18. Rfd1 {[%emt 0:12:33]} c3 {[%emt 0:05:11]} 19. Be5 {[%emt 0:04:35]} cxb2 {[%emt 0:05:54]} 20. Bxb2 {[%emt 0:00:12]} Rc7 {[%emt 0:02:01]} 21. Bxf6 {[%emt 0:06:55]} gxf6 {[%emt 0:00:04]} 22. Nxd5 {[%emt 0:00:08]} Bxd5 {[%emt 0:00:06]} 1/2-1/2

[Event "6th Heraklion Capablanca 2019"]
[Site "Heraklion"]
[Date "2019.05.07"]
[Round "9.4"]
[White "Szwed, Jacek"]
[Black "Yoo, Christopher Woojin"]
[Result "0-1"]
[WhiteElo "2387"]
[BlackElo "2414"]
[Annotator "NA"]
[PlyCount "150"]
[EventDate "2019.04.29"]
[EventType "tourn"]
[EventCountry "GRE"]
[SourceTitle "playchess.com"]
[Source "ChessBase"]
[SourceQuality "1"]
[TimeControl "40/5400+30:1800+30"]

1. c4 {[%emt 0:00:00]} Nf6 {[%emt 0:00:00]} 2. Nc3 {[%emt 0:01:03]} g6 {[%emt 0:00:03]} 3. g3 {[%emt 0:00:00]} Bg7 {[%emt 0:00:29]} 4. Bg2 {[%emt 0:00:00]} O-O {[%emt 0:00:12]} 5. d3 {[%emt 0:00:16]} e5 {[%emt 0:02:55]} 6. e3 {[%emt 0:01:36]} c6 {[%emt 0:08:37]} 7. e4 {[%emt 0:00:25]} Na6 {[%emt 0:02:44]} 8. Nge2 {[%emt 0:00:39]} Nc7 {[%emt 0:02:22]} 9. O-O {[%emt 0:05:50]} d5 {[%emt 0:03:17]} 10. exd5 {[%emt 0:08:19]} cxd5 {[%emt 0:00:07]} 11. Bg5 $11 {[%emt 0:00:10]} dxc4 {[%emt 0:09:49]} 12. dxc4 {[%emt 0:00:24]} Ne6 {[%emt 0:02:20]} 13. Bd2 {[%emt 0:39:12]} Nd4 {[%emt 0:12:59]} 14. Nxd4 {[%emt 0:01:45]} exd4 {[%emt 0:01:46]} 15. Nd5 {[%emt 0:00:19]} Nxd5 {[%emt 0:06:58]} 16. Bxd5 {[%emt 0:03:30]} Bf5 {[%emt 0:09:38]} 17. Qf3 {[%emt 0:03:43]} Rc8 {[%emt 0:06:01]} 18. Rac1 {[%emt 0:08:45]} b6 {[%emt 0:02:46]} 19. Bf4 {[%emt 0:04:49]} Qd7 {[%emt 0:03:25]} 20. Rfe1 {[%emt 0:04:25]} d3 {[%emt 0:02:15]} 21. b3 {[%emt 0:02:48]} Bb2 {[%emt 0:02:20]} 22. Rcd1 {[%emt 0:03:46]} Bg4 {[%emt 0:00:51]} 23. Qxd3 {[%emt 0:00:05]} Bxd1 {[%emt 0:00:05]} 24. Rxd1 {[%emt 0:00:39]} Rfe8 {[%emt 0:05:05]} 25. Kg2 {[%emt 0:02:39]} Qe7 {[%emt 0:04:46]} 26. h4 {[%emt 0:01:26]} Qe2 {[%emt 0:03:54]} 27. Qxe2 {[%emt 0:03:05]} Rxe2 {[%emt 0:00:06]} 28. Bb7 {[%emt 0:00:53]} Rce8 {[%emt 0:02:47]} 29. Bc6 {[%emt 0:00:01]} Rc8 {[%emt 0:01:28]} 30. Bb7 {[%emt 0:00:02]} Rce8 {[%emt 0:01:17]} 31. Bc6 {[%emt 0:00:10]} Rc8 {[%emt 0:02:07]} 32. Bd7 {[%emt 0:00:02]} Rf8 {[%emt 0:01:41]} 33. Bg4 {[%emt 0:03:14]} Rc2 {[%emt 0:00:33]} 34. Rd7 {[%emt 0:00:01]} Bc3 {[%emt 0:00:44]} 35. Bh6 {[%emt 0:02:10]} Re8 {[%emt 0:00:22]} 36. Bf3 {[%emt 0:01:13]} Be1 {[%emt 0:00:22]} 37. Bd5 {[%emt 0:00:01]} Rxf2+ {[%emt 0:00:12]} 38. Kh3 {[%emt 0:00:17]} Bb4 {[%emt 0:00:59]} 39. Rxa7 {[%emt 0:00:21]} Bf8 {[%emt 0:00:29]} 40. Bf4 {[%emt 0:00:00]} Re7 {[%emt 0:00:00]} 41. Ra8 {[%emt 0:12:33]} h5 {[%emt 0:04:51]} 42. Bd6 {[%emt 0:09:30]} Ree2 {[%emt 0:00:35]} 43. Rxf8+ {[%emt 0:02:05]} Kg7 {[%emt 0:00:11]} 44. Rxf7+ {[%emt 0:00:18]} Rxf7 {[%emt 0:00:30]} 45. Bxf7 Kxf7 {[%emt 0:01:37]} 46. Bc7 {[%emt 0:03:47]} Rxa2 {[%emt 0:00:00]} 47. Bxb6 {[%emt 0:00:04]} Rb2 {[%emt 0:00:00]} 48. Bc7 {[%emt 0:04:25]} Rxb3 {[%emt 0:00:55]} 49. c5 {[%emt 0:02:07]} Rc3 {[%emt 0:02:02]} 50. Bd6 {[%emt 0:01:17]} Rc2 {[%emt 0:04:00]} 51. g4 {[%emt 0:00:29]} Rc3+ {[%emt 0:01:18]} 52. Bg3 {[%emt 0:00:06]} Rxc5 {[%emt 0:03:18]} 53. gxh5 {[%emt 0:00:02]} gxh5 {[%emt 0:04:40]} 54. Bf4 {[%emt 0:00:05]} Ke6 {[%emt 0:00:27]} 55. Kg3 {[%emt 0:00:10]} Kf5 {[%emt 0:00:18]} 56. Bg5 {[%emt 0:00:31]} Rc3+ {[%emt 0:01:01]} 57. Kg2 {[%emt 0:00:36]} Kg4 {[%emt 0:01:54]} 58. Kf2 {[%emt 0:00:03]} Rc6 {[%emt 0:00:33]} 59. Be7 {[%emt 0:01:08]} Re6 {[%emt 0:01:33]} 60. Bd8 {[%emt 0:00:27]} Re4 {[%emt 0:00:34]} 61. Bg5 {[%emt 0:00:38]} Re8 {[%emt 0:00:15]} 62. Kg2 {[%emt 0:00:25]} Re2+ {[%emt 0:00:34]} 63. Kf1 {[%emt 0:00:01]} Kf3 {[%emt 0:00:28]} 64. Kg1 {[%emt 0:01:57]} Kg3 {[%emt 0:00:19]} 65. Kf1 {[%emt 0:00:13]} Re8 {[%emt 0:00:11]} 66. Bh6 {[%emt 0:01:26]} Kxh4 {[%emt 0:00:11]} 67. Kg2 {[%emt 0:00:09]} Kg4 {[%emt 0:00:04]} 68. Bg7 {[%emt 0:00:27]} h4 {[%emt 0:00:14]} 69. Bd4 {[%emt 0:00:20]} h3+ {[%emt 0:00:20]} 70. Kh1 {[%emt 0:00:22]} Re2 {[%emt 0:00:40]} 71. Bg1 {[%emt 0:00:26]} Kg3 {[%emt 0:02:55]} 72. Bc5 {[%emt 0:00:37]} h2 {[%emt 0:00:29]} 73. Bd6+ {[%emt 0:00:19]} Kh3 {[%emt 0:00:09]} 74. Bg3 {[%emt 0:01:12]} Rd2 {[%emt 0:00:16]} 75. Be1 {[%emt 0:00:08]} Rb2 {[%emt 0:00:03]} 0-1